000 01212nam a2200229 a 4500
001 000064321
003 AM-YEHGA
005 20250617121601.0
008 991104s1970 ru ||||||s u rus d
040 _aAM-YeHGA
041 0 _arus
245 0 0 _aБиоэлектрическое управления. Человек и автоматические системы :
_bТруды международного симпозиума по техническим и биологическим проблемам управления : Ереван, 24-28 сентября 1968 г.) /
_cОтв. ред. В.А. Трапезников, А.Я. Лернер и др.
260 _aМосква :
_bНаука,
_c1970.
300 _a598 с.
650 1 4 _aАвтоматические системы
650 1 4 _aБиоэлектрические управления
650 1 4 _aОбщетехнические дисциплины
700 1 _aТрапезников, В.А.
_eред.
_4edt
711 2 _aМеждународный симпозиум по техническим и биологическим проблемам управления
_d(1968 ;
_cЕреван)
942 _2udc
_cBK
090 _c19193
999 _c19008
_d19008